000 00352cam a2200145ua 4500
041 _aeng
_h
082 _a927.5
_bPAR/PI
100 _aParmelin, Helene .
245 _aPicasso plain /
_cHelene Parmelin.
_hTextual Documents
260 _aLondon :
_bSecker & Warburg ,
_c1963.
300 _a250 ; .
504 _a
942 _cBK
999 _c5780
_d5780